Web services : principles and technology. / (Record no. 1773)
[ view plain ]
| 000 -LEADER | |
|---|---|
| fixed length control field | 01424nam a22001817a 4500 |
| 005 - DATE AND TIME OF LATEST TRANSACTION | |
| control field | 20210414114053.0 |
| 008 - FIXED-LENGTH DATA ELEMENTS--GENERAL INFORMATION | |
| fixed length control field | 120720t xxu||||| |||| 00| 0 eng d |
| 020 ## - INTERNATIONAL STANDARD BOOK NUMBER | |
| International Standard Book Number | 9780321155559 0321155556 |
| 050 ## - LIBRARY OF CONGRESS CALL NUMBER | |
| Classification number | TK5105.888.P11 |
| 100 ## - MAIN ENTRY--PERSONAL NAME | |
| Personal name | Papazoglou, P. Michael |
| 245 ## - TITLE STATEMENT | |
| Title | Web services : principles and technology. / |
| Statement of responsibility, etc. | Michael P. Papazoglou |
| 260 ## - PUBLICATION, DISTRIBUTION, ETC. | |
| Place of publication, distribution, etc. | Harlow, England ; |
| Name of publisher, distributor, etc. | Pearson/Prentice Hall,.. |
| Date of publication, distribution, etc. | ©2008. |
| 300 ## - PHYSICAL DESCRIPTION | |
| Extent | xxxii, 752 p. : |
| Other physical details | ill. ; |
| Dimensions | 24 cm. |
| 500 ## - GENERAL NOTE | |
| General note | Includes index and references. |
| 505 ## - FORMATTED CONTENTS NOTE | |
| Formatted contents note | Contents: Basic: Web services basic -- Enabling infrastructure: Distributed computing infrastructure --Brief overview of XML -- Core functionality and standards: SOAP: simple object access protocol -- Describing web services -- Registering and discovering web services - Event notification and service oriented architectures: Addressing and notification --Service-oriented architectures -- Service composition and service transactions: Processes and workflows -- Transaction processing -- Service security and policies: Security web services -- Services policies and agreements -- Service semantics and business protocols: Semantics and web services -- Business protocols -- Service design and development: Web services development lifecycle -- Service management: Web services management -- Emerging trends: Recent trends and developments. |
| 650 ## - SUBJECT ADDED ENTRY--TOPICAL TERM | |
| Topical term or geographic name entry element | Web services |
| General subdivision | World wide web |
| 942 ## - ADDED ENTRY ELEMENTS (KOHA) | |
| Source of classification or shelving scheme | Library of Congress Classification |
| Koha item type | Books |
| Withdrawn status | Lost status | Source of classification or shelving scheme | Damaged status | Not for loan | Home library | Current library | Shelving location | Date acquired | Total Checkouts | Full call number | Barcode | Date last seen | Copy number | Price effective from | Koha item type |
|---|---|---|---|---|---|---|---|---|---|---|---|---|---|---|---|
| Library of Congress Classification | WISCONSIN INTERNATIONAL UNIVERSITY COLLEGE, GHANA - MAIN LIBRARY | WISCONSIN INTERNATIONAL UNIVERSITY COLLEGE, GHANA - MAIN LIBRARY | General Stacks | 20/07/2012 | TK5105.888.P11 | 5779/12 | 20/07/2012 | 1 | 20/07/2012 | Books | |||||
| Library of Congress Classification | WISCONSIN INTERNATIONAL UNIVERSITY COLLEGE, GHANA - MAIN LIBRARY | WISCONSIN INTERNATIONAL UNIVERSITY COLLEGE, GHANA - MAIN LIBRARY | General Stacks | 20/07/2012 | TK5105.888.P111 | 5780/12 | 20/07/2012 | 2 | 20/07/2012 | Books | |||||
| Library of Congress Classification | WISCONSIN INTERNATIONAL UNIVERSITY COLLEGE, GHANA - MAIN LIBRARY | WISCONSIN INTERNATIONAL UNIVERSITY COLLEGE, GHANA - MAIN LIBRARY | General Stacks | 20/07/2012 | TK5105.888.P112 | 5781/12 | 20/07/2012 | 3 | 20/07/2012 | Books |
